=LDR 00000nam 2200000 4500 =001 INLIS000000000004577 =005 20130612092839 =008 ***********************************Ind** =035 ##$$0010-061300000004577 =041 ##$$a Ind =082 ##$$a 819.8 =090 ##$$a 819.8, Sri s =100 ##$$a SRI SAYEKTI =245 ##$$a Syair dandan setia / oleh Sri Sayekti dan Titik Indiyastini. -- =260 ##$$a 1997 $b Jakarta : Pusat Pembinaan dan Pengembangan Bahasa =300 ##$$a ... Jil. ; 21 cm =650 ##$$a Kesusastraan Indonesia Lama =700 ##$$a INDIYASTINI, Titik =850 ##$$a NBPNMAT